[Event "Under 1300 knightworm78 Invitational #8"]
[Site "SchemingMind.com"]
[Date "2020.02.01"]
[Round "-"]
[White "nammy"]
[Black "WonkaEight"]
[Result "0-1"]
[WhiteCountry "ENG"]
[BlackCountry "AUS"]
[WhiteElo "864"]
[WhiteRD "73"]
[BlackElo "1347"]
[BlackRD "67"]
[GameID "450836"]

1. d4 d5 2. e3 Nf6 3. b3 g6 4. Bd3 Bg4 5. f3 Be6 6. Ne2 Bh6 7. Na3 Nc6 8. Bd2 a6 9. Ng3 Qd6 10. c3 Qxa3
11. Qe2 Na5 12. e4 Bg7 13. f4 Bg4 14. Qf1 Nxb3 15. Rd1 Qb2 16. axb3 Qxb3 17. Kf2 dxe4 18. Rb1 Qd5 19. Be3 exd3 20. Rc1 Qa2+
21. Kg1 Qe6 22. Qxd3 Nd5 23. Bf2 Nxf4 24. Qd2 Ne2+ 25. Nxe2 Bxe2 26. Re1 Qg4 27. h3 Qh5 28. Qe3 O-O 29. Qxe7 Bc4 30. Qxc7 Rac8
31. Qxb7 Bd5 32. Qxa6 Qf3 33. gxf3 Rxc3 34. Rh2 Rxf3 35. Qa5 Rf5 36. Rb1 Ra8 37. Qb5 Be4 38. Qb6 Rf6 39. Qc5 Bxb1 40. d5 Ra1
41. Qc8+ Bf8 42. Bc5 Bf5+ 43. Kg2 Bxc8 44. Bd4 Ra2+ 45. Kg3 Bd6+ 46. Kh4 Rf4+ 47. Kg3 Rxd4+ 48. Kf3 Bxh2 49. Ke3 Rad2 50. Kf3 R4d3+
51. Ke4 Bf5#
0-1

[Event "Under 1300 knightworm78 Invitational #8"]
[Site "SchemingMind.com"]
[Date "2020.01.31"]
[Round "-"]
[White "Carl Lenox"]
[Black "WonkaEight"]
[Result "0-1"]
[WhiteCountry "CAN"]
[BlackCountry "AUS"]
[WhiteElo "1228"]
[WhiteRD "65"]
[BlackElo "1367"]
[BlackRD "67"]
[GameID "450837"]

1. e4 e5 2. Nf3 Nc6 3. Bb5 a6 4. Ba4 Nf6 5. d3 Bc5 6. O-O b5 7. Bb3 O-O 8. a3 h6 9. Re1 d5 10. Ba2 Bg4
11. c3 dxe4 12. Be3 Bxe3 13. Rxe3 exf3 14. gxf3 Bh3 15. b4 Nh5 16. Re4 Qg5+ 17. Rg4 Qf5 18. Re4 Nf6 19. Re2 Qg5+
0-1

[Event "Under 1300 knightworm78 Invitational #8"]
[Site "SchemingMind.com"]
[Date "2020.02.04"]
[Round "-"]
[White "WonkaEight"]
[Black "Arthur Wilding"]
[Result "1/2-1/2"]
[WhiteCountry "AUS"]
[BlackCountry "WLS"]
[WhiteElo "1367"]
[WhiteRD "67"]
[BlackElo "1276"]
[BlackRD "76"]
[GameID "450838"]

1. e4 e5 2. Nf3 d6 3. d4 exd4 4. Nxd4 Nf6 5. Nc3 Bg4 6. Be2 Be7 7. h3 Bxe2 8. Qxe2 O-O 9. O-O a6 10. Bg5 c5
11. Nf5 Nc6 12. Rad1 Ne5 13. Nd5 Nxd5 14. Bxe7 Nxe7 15. Nxd6 Qc7 16. Qh5 Rad8 17. Qxe5 Ng6 18. Qg3 h6 19. e5 Ne7 20. Rfe1 Ng6
21. e6 fxe6 22. Qxg6 Rxd6 23. Rxd6 Qxd6 24. Rxe6 Qd1+ 25. Kh2 Qd4 26. Re7 Qf4+ 27. Kg1 Qxf2+ 28. Kh2 Qf4+ 29. Kg1 Qc1+ 30. Kh2 Qf4+
31. Kg1 Qc1+ 32. Kh2=
1/2-1/2

[Event "Under 1300 knightworm78 Invitational #8"]
[Site "SchemingMind.com"]
[Date "2020.02.04"]
[Round "-"]
[White "malcolm chugg"]
[Black "WonkaEight"]
[Result "0-1"]
[WhiteCountry "WLS"]
[BlackCountry "AUS"]
[WhiteElo "1196"]
[WhiteRD "51"]
[BlackElo "1367"]
[BlackRD "67"]
[GameID "450839"]

1. f4 Nc6 2. e4 e5 3. fxe5 Nxe5 4. Nf3 d6 5. Nxe5 dxe5 6. g3 Nf6 7. d3 Bc5 8. Qe2 Bg4 9. Qg2 Qd4 10. c3 Qa4
11. b3 Qd7 12. h3 Bh5 13. g4 Bg6 14. Be2 O-O-O 15. b4 Bb6 16. Bb2 Qa4 17. Bf3 Rxd3 18. Be2 Bxe4 19. Qf1 Re3
0-1

[Event "Under 1300 knightworm78 Invitational #8"]
[Site "SchemingMind.com"]
[Date "2020.02.04"]
[Round "-"]
[White "WonkaEight"]
[Black "Chessibelle"]
[Result "1-0"]
[WhiteCountry "AUS"]
[BlackCountry "ENG"]
[WhiteElo "1344"]
[WhiteRD "91"]
[BlackElo "1172"]
[BlackRD "53"]
[GameID "450841"]

1. e4 e5 2. Nf3 d6 3. d4 Nc6 4. dxe5 Bd7 5. exd6 cxd6 6. Bb5 Qa5+ 7. Nc3 Nf6 8. O-O Qc7 9. Bf4 O-O-O 10. Re1 h6
11. e5 Ne8 12. exd6 Qb6 13. Qd5 Nb4 14. Qc4+ Nc6 15. Ne5 Nxd6 16. Qd5 Nb4 17. Bxd7+ Kc7 18. Nb5+ Kb8 19. Qb3 a5 20. a3 Na6=
21. Nc4 Nc5 22. Qh3 Nxd7 23. Nxb6 Nxb6 24. Nxd6 Bxd6 25. Bxd6+
1-0

[Event "Under 1300 knightworm78 Invitational #8"]
[Site "SchemingMind.com"]
[Date "2020.02.04"]
[Round "-"]
[White "wight knight"]
[Black "WonkaEight"]
[Result "0-1"]
[WhiteCountry "ENG"]
[BlackCountry "AUS"]
[WhiteElo "1321"]
[WhiteRD "55"]
[BlackElo "1344"]
[BlackRD "91"]
[GameID "450842"]

1. e4 e5 2. Bc4 Nf6 3. f3 Bc5 4. d3 Nc6 5. c3 d5 6. exd5 Nxd5 7. Bb5 O-O 8. b4 Bb6 9. a4 a5 10. Bxc6 bxc6
11. bxa5 Bxa5 12. Ra3 Rb8 13. Rb3 Bf5 14. Rxb8 Qxb8 15. Ba3 Ne3 16. Qd2 Qxb1+ 17. Bc1 Nxg2+ 18. Kf2 Nf4 19. Ba3 Bb6+ 20. d4 Rd8
21. Be7 Rd7 22. Bg5 Nd3+ 23. Kg3 Rd6 24. Be7 Rg6+ 25. Bg5 h6 26. Kh4 hxg5+ 27. Kg3 Rh6 28. Qxg5 Qe1+ 29. Kg2 Qf2#
0-1